SPSS 15.0 statistical procedures companion
Αποθηκεύτηκε σε:
| Κύριος συγγραφέας: | |
|---|---|
| Μορφή: | Βιβλίο |
| Γλώσσα: | English |
| Δημοσίευση: |
Upper Saddle River, N.J. :
Prentice Hall,
c2006
|
| Θέματα: | |
| Ετικέτες: |
Προσθήκη ετικέτας
Δεν υπάρχουν, Καταχωρήστε ετικέτα πρώτοι!
|
MARC
| LEADER | 00000nam a2200000 i 4500 | ||
|---|---|---|---|
| 001 | 1/77652 | ||
| 008 | 080317s2006 eng d | ||
| 020 | |a 0-13-159417-6 | ||
| 035 | |l 10095523 | ||
| 040 | |a GR-MY-UA |b gre |e aacr | ||
| 041 | 0 | |a eng | |
| 082 | 0 | |a 300.285555 |2 (22) | |
| 100 | 1 | |a Norusis, M. J. |q (Marija J.) |d 1948- | |
| 245 | 1 | 0 | |a SPSS 15.0 statistical procedures companion / |c Marija J. Norusis |
| 260 | |a Upper Saddle River, N.J. : |b Prentice Hall, |c c2006 | ||
| 300 | |a xiv, 418 σ.; |c 23 εκ.+ |e 1 cd-rom | ||
| 504 | |a Περιλαμβάνει βιβλιογραφίες και ευρετήριο | ||
| 650 | 0 | 0 | |a Social sciences |x Statistical methods. |
| 852 | |a INST |b RHODES |e 20080317 |h 300.285555 NOR |p 005400029828 |q 005400029828 |t BK |y 0 | ||
| 852 | |a INST |b RHODES |e 20080414 |h 300.285555 NOR |p 005400029445 |q 005400029445 |t BK |y 0 | ||
| 901 | |a BIBL4-2008-1 | ||
| 909 | |a Ρ |b 150991 | ||
| 922 | |a 4ΕΛΗ |b 200802 |c ΕΠΕΑΕΚ2/ΤΕΠΑΕΣ |d ΠΑΠΑΣΩΤΗΡΙΟΥ | ||
| 970 | |a ΜΙΣΣΟΣ |b ΣΤΑΥΡΟΣ |z 2008/03/17 | ||